000
003140000a22001330004500
020
_a
0-440-77519-8
082
0
4
_a
GI CJ R139b
100
1
_a
Ralph, Runaway
245
1
0
_a
Beverly Cleary / Runaway Ralph, il. : Louis Darling
260
_a
New York : Dell Publishing
300
_a
175 P.
001
792
942
_c
LGB
999
_c
47996
_d
47996